000
00303nam a2200133Ia 4500
008
200103s9999||||xx |||||||||||||| ||und||
040
_a
IMU-MPC
082
_a
Column-65
100
_a
Lillee, Dennis
245
4
_a
The art of fast bowling
260
_b
Rupa Company
_c
1990
300
_a
160
942
_c
BK
999
_c
11547
_d
11547